A Study of History (Record no. 563300)

000 -LEADER
fixed length control field 00320nam a2200121Ia 4500
008 - FIXED-LENGTH DATA ELEMENTS--GENERAL INFORMATION
fixed length control field 210430s9999 xx 000 0 und d
082 ## - DEWEY DECIMAL CLASSIFICATION NUMBER
Classification number 909 T7561S
100 ## - MAIN ENTRY--PERSONAL NAME
Personal name D.C.Somervell
245 #2 - TITLE STATEMENT
Title A Study of History
Statement of responsibility, etc. D.C.Somervell
260 ## - PUBLICATION, DISTRIBUTION, ETC.
Place of publication, distribution, etc. Islamabad
Name of publisher, distributor, etc. National Book Foundation
Date of publication, distribution, etc. 2010
300 ## - PHYSICAL DESCRIPTION
Extent 413p
942 ## - ADDED ENTRY ELEMENTS (KOHA)
Koha item type Book
Source of classification or shelving scheme
Holdings
Withdrawn status Lost status Source of classification or shelving scheme Damaged status Not for loan Permanent Location Current Location Shelving location Date acquired Full call number Barcode Date last seen Price effective from Koha item type
          School of Chemical & Materials Engineering (SCME) School of Chemical & Materials Engineering (SCME) General Stacks   909 T7561 S SCME-2212 04/30/2021 04/30/2021 Book
© 2023 Central Library, National University of Sciences and Technology. All Rights Reserved.